Becoming Avid Readers (Record no. 25831)

MARC details
000 -LEADER
fixed length control field 00683nam a22002297a 4500
003 - CONTROL NUMBER IDENTIFIER
control field OSt
005 - DATE AND TIME OF LATEST TRANSACTION
control field 20260701154920.0
008 - FIXED-LENGTH DATA ELEMENTS--GENERAL INFORMATION
fixed length control field 260701b |||||||| |||| 00| 0 eng d
020 ## - INTERNATIONAL STANDARD BOOK NUMBER
International Standard Book Number 9780325077024
040 ## - CATALOGING SOURCE
Transcribing agency Chuka University Library
050 ## - LIBRARY OF CONGRESS CALL NUMBER
Classification number LB 1573
Item number .C 355 2015
100 ## - MAIN ENTRY--PERSONAL NAME
Personal name Calkins Lucy
9 (RLIN) 27666
245 ## - TITLE STATEMENT
Title Becoming Avid Readers
260 ## - PUBLICATION, DISTRIBUTION, ETC.
Place of publication, distribution, etc. Portsmouth, NH
Name of publisher, distributor, etc. Heinemann
Date of publication, distribution, etc. 2015
300 ## - PHYSICAL DESCRIPTION
Extent xv 137 pages
Other physical details illustrated includes indexes
650 ## - SUBJECT ADDED ENTRY--TOPICAL TERM
Topical term or geographic name entry element Reading (Elementary)
650 ## - SUBJECT ADDED ENTRY--TOPICAL TERM
Topical term or geographic name entry element Children.. Books and Reading
9 (RLIN) 27881
650 ## - SUBJECT ADDED ENTRY--TOPICAL TERM
Topical term or geographic name entry element Reading Promotion
9 (RLIN) 29189
700 ## - ADDED ENTRY--PERSONAL NAME
Personal name Martinelli Marjorie
9 (RLIN) 30340
700 ## - ADDED ENTRY--PERSONAL NAME
Personal name Holley Christine
9 (RLIN) 32461
942 ## - ADDED ENTRY ELEMENTS (KOHA)
Source of classification or shelving scheme Library of Congress Classification
Koha item type Long Loan Books
Suppress in OPAC No
Holdings
Withdrawn status Lost status Source of classification or shelving scheme Damaged status Not for loan Collection Home library Current library Shelving location Date acquired Source of acquisition Cost, normal purchase price Total Checkouts Full call number Barcode Date last seen Copy number Price effective from Koha item type
    Library of Congress Classification     General Collection Books Main Campus Library Main Campus Library General Stacks 01/07/2026 Donation from Books for Africa 3234.46   LB 1573 .C355 2015 36804/2026 01/07/2026 1 01/07/2026 Long Loan Books
    Library of Congress Classification     General Collection Books Main Campus Library Main Campus Library General Stacks 01/07/2026 Donation from Books for Africa     LB 1573 .C355 2015 36802/2026 01/07/2026 3 01/07/2026 Long Loan Books
    Library of Congress Classification     General Collection Books Main Campus Library Main Campus Library General Stacks 01/07/2026 Donation from Books for Africa 3234.46   LB 1573 .C355 2015 36803/2026 01/07/2026 2 01/07/2026 Long Loan Books
    Library of Congress Classification     General Collection Books Main Campus Library Main Campus Library General Stacks 01/07/2026 Donation from Books for Africa 3234.46   LB 1573 .C355 2015 36801/2026 01/07/2026 4 01/07/2026 Long Loan Books

Powered by Koha